Development of a component-based online library system /
محفوظ في:
| المؤلف الرئيسي: | |
|---|---|
| التنسيق: | أطروحة كتاب |
| اللغة: | English |
| منشور في: |
1999.
|
| الموضوعات: | |
| الوسوم: |
إضافة وسم
لا توجد وسوم, كن أول من يضع وسما على هذه التسجيلة!
|
| LEADER | 00848cam a2200253 a 4500 | ||
|---|---|---|---|
| 001 | u459613 | ||
| 003 | SIRSI | ||
| 008 | 000511s1999 si v 00 10 eng m | ||
| 035 | |a ACK-2377 | ||
| 040 | |a UMM | ||
| 090 | |a Z678.9 |b A1Myo | ||
| 100 | 2 | 0 | |a Myo Thwin, |c U. |
| 245 | 1 | 0 | |a Development of a component-based online library system / |c U Myo Thwin @ Fred. |
| 260 | |c 1999. | ||
| 300 | |a viii, 134 leaves : |b ill. ; |c 30 cm. | ||
| 502 | |a Dissertation (M.Sc.) -- National University of Singapore, 1999. | ||
| 504 | |a Bibliography: leaves 128-129. | ||
| 650 | 0 | |a Libraries |x Automation. | |
| 650 | 0 | |a Library information networks. | |
| 650 | 0 | |a Online data processing. | |
| 650 | 0 | |a Computer software |x Reusability. | |
| 948 | |a 11/05/2000 |b 24/07/2000 | ||
| 596 | |a 1 | ||
| 999 | |a Z678.9 A1MYO |w LC |c 1 |i A509521182 |d 2/7/2001 |l STACKS |m P01UTAMA |n 2 |r Y |s Y |t TESIS |u 2/8/2000 | ||
